000 00371nam a2200169Ia 4500
003 OSt
005 20240118161537.0
008 170619s9999 xx 000 0 und d
020 _a9780070620223
040 _cIIMT ENGINEERING COLLEGE
100 _aBERI
245 0 _aMARKETING RESEARCH
260 _bt m h
260 _c2009
546 _aENGLISH
942 _2ddc
_c02
999 _c22441
_d22441